000 00659nam a2200229Ia 4500
003 OSt
005 20220923225242.0
006 a|||||r|||| 00| 0
007 ta
008 220922b |||||||| |||| 00| 0 hin d
024 _a261,419
037 _cTextual
040 _aARTS
_cARTS
_bhin
041 _2hin
_ahin
082 _aO152,2NSI,AR, L0
100 _aसिंह, सुशील कुमार
245 0 _aआचार्य रामानुज
246 _aĀchārya rāmānuja
260 _c1970
942 _hO152,2NSI,AR, L0
_cTEXL
_2CC
999 _c377052
_d377052